000 00661nam a2200181 a 4500
001 000039929
005 20201002033820.0
008 130730s2011 dr a 000 0 spa d
040 _aDO-SdBNP
_bspa
_cBNPHU
245 0 3 _aEl Salvador, de la guerra civil a la paz negociada /
_cRomán Mayorga...[et.al].
260 _aEl Salvador :
_bMinisterio de Relaciones Exteriores,
_c[2011].
300 _a112 p. ;
_c28 cm.
490 1 _a1810-2010 Mujeres y hombres
500 _aXX aniversario de la firma del acuerdo de paz 1992-2012
500 _aIncluye notas al pie de las páginas
700 1 _aMayorga, Román
_966135
830 0 _a1810-2010 Mujeres y hombres
_966136
999 _c39419
_d39419